I colori dell'amore /

সংরক্ষণ করুন:
গ্রন্থ-পঞ্জীর বিবরন
প্রধান লেখক: Grieco, Donato (লেখক)
বিন্যাস: গ্রন্থ
ভাষা:ইতালিয়
প্রকাশিত: Poggibonsi : Lalli, stampa 1988
মালা:Scrittori italiani contemporanei
ট্যাগগুলো: ট্যাগ যুক্ত করুন
কোনো ট্যাগ নেই, প্রথমজন হিসাবে ট্যাগ করুন!

MARC

LEADER 00000nam a2200000 i 4500
001 IT\ICCU\CFI\0130212
003 ItRI
005 20260115232244.0
008 900901s1988 it |||||| ||||| |||||c
015 |2 IT  |a 90-8262 
040 |b ita  |c importazione bologna sebina 
041 7 |a ita  |2 ISO-639-2 
082 |a 853.914  |9 NARRATIVA ITALIANA. 1945-  |2 19 
100 1 |a Grieco, Donato  |0 IT\ICCU\CFIV\070462  |4 aut 
245 1 2 |a I colori dell'amore /  |c Donato Grieco. 
260 |a Poggibonsi :  |b Lalli,  |c stampa 1988 
300 |a 217 p. ;  |c 23 cm. 
830 0 |a Scrittori italiani contemporanei  |0 IT\ICCU\CFI\0030858 
942 |2 ddc  |c BK  |n 0 
952 |0 0  |1 0  |4 0  |6 DOC_853_914000000000000_GRI  |7 0  |9 23055  |a BO  |b BO  |d 2026-01-15  |i 2687  |l 0  |o DOC 853.914 GRI  |p BO2687  |r 2026-01-15 23:22:44  |w 2026-01-15  |x [Sebina 5] [1 v.]  |y BK  |z 1 v. 
999 |c 19661  |d 19661